<?xml version="1.0" encoding="UTF-8"?>
<record
    xmlns:xsi="http://www.w3.org/2001/XMLSchema-instance"
    xsi:schemaLocation="http://www.loc.gov/MARC21/slim http://www.loc.gov/standards/marcxml/schema/MARC21slim.xsd"
    xmlns="http://www.loc.gov/MARC21/slim">

  <leader>00951nam a22002297a 4500</leader>
  <controlfield tag="003">LK-CoDNM</controlfield>
  <controlfield tag="005">20241008121104.0</controlfield>
  <controlfield tag="008">241008b        |||||||| |||| 00| 0 eng d</controlfield>
  <datafield tag="040" ind1=" " ind2=" ">
    <subfield code="a">LK-CoDNM</subfield>
    <subfield code="d">LK-CoDNM</subfield>
    <subfield code="e">LK-CoDNM</subfield>
  </datafield>
  <datafield tag="041" ind1=" " ind2=" ">
    <subfield code="a">sin</subfield>
  </datafield>
  <datafield tag="080" ind1=" " ind2=" ">
    <subfield code="a">105</subfield>
    <subfield code="b">B7</subfield>
  </datafield>
  <datafield tag="100" ind1=" " ind2=" ">
    <subfield code="a">&#xD87;&#xDB1;&#xDCA; &#xD8A; &#xD9A;&#xDD4;&#xDBB;&#xDDA; &#xDC4;&#xDCF; &#xDC3;&#xDB8;&#xDCF;&#xD9C;&#xDB8;</subfield>
  </datafield>
  <datafield tag="245" ind1=" " ind2=" ">
    <subfield code="a">&#xDC3;&#xDDC;&#xDC5;&#xDDC;&#xDC3;&#xDCA; &#xDB8;&#xDC4;&#xDCF; &#xDC3;&#xDCA;&#xDAE;&#xDCF;&#xDB1; &#xDC0;&#xDB1;&#xDCA;&#xDAF;&#xDB1;&#xDCF; &#xDC3;&#xDC4;&#xDD2;&#xDAD; &#xDB6;&#xDDE;&#xDAF;&#xDCA;&#xDB0; &#xDC0;&#xDB1;&#xDCA;&#xDAF;&#xDB1;&#xDCF; &#xD9C;&#xDCF;&#xDAE;&#xDCF; &#xDB4;&#xDDC;&#xDAD;</subfield>
  </datafield>
  <datafield tag="260" ind1=" " ind2=" ">
    <subfield code="a">&#xD9A;&#xDDC;&#xDC5;&#xDB9;</subfield>
    <subfield code="b">&#xDB4;&#xDD0;&#xDBB;&#xDB8;&#xDC0;&#xDD4;&#xDB1;&#xDCA;&#xDA7;&#xDCA; &#xDB8;&#xDD4;&#xDAF;&#xDCA;&#x200D;&#xDBB;&#xDAB;&#xDCF;&#xDBD;&#xDBA;</subfield>
    <subfield code="c">1980</subfield>
  </datafield>
  <datafield tag="300" ind1=" " ind2=" ">
    <subfield code="b">26p. ; 20 cm</subfield>
  </datafield>
  <datafield tag="650" ind1=" " ind2=" ">
    <subfield code="a">&#xDC3;&#xDDC;&#xDC5;&#xDDC;&#xDC3;&#xDCA; &#xDB8;&#xDC4;&#xDCF; &#xDC3;&#xDCA;&#xDAE;&#xDCF;&#xDB1; &#xDC0;&#xDB1;&#xDCA;&#xDAF;&#xDB1;&#xDCF; &#xDC3;&#xDC4;&#xDD2;&#xDAD; &#xDB6;&#xDDE;&#xDAF;&#xDCA;&#xDB0; &#xDC0;&#xDB1;&#xDCA;&#xDAF;&#xDB1;&#xDCF; &#xD9C;&#xDCF;&#xDAE;&#xDCF; &#xDB4;&#xDDC;&#xDAD;</subfield>
  </datafield>
  <datafield tag="650" ind1=" " ind2=" ">
    <subfield code="a">&#xD87;&#xDB1;&#xDCA; &#xD8A; &#xD9A;&#xDD4;&#xDBB;&#xDDA; &#xDC4;&#xDCF; &#xDC3;&#xDB8;&#xDCF;&#xD9C;&#xDB8;</subfield>
  </datafield>
  <datafield tag="650" ind1=" " ind2=" ">
    <subfield code="a">&#xDB4;&#xDD0;&#xDBB;&#xDB8;&#xDC0;&#xDD4;&#xDB1;&#xDCA;&#xDA7;&#xDCA; &#xDB8;&#xDD4;&#xDAF;&#xDCA;&#x200D;&#xDBB;&#xDAB;&#xDCF;&#xDBD;&#xDBA;</subfield>
  </datafield>
  <datafield tag="650" ind1=" " ind2=" ">
    <subfield code="a">1980</subfield>
  </datafield>
  <datafield tag="650" ind1=" " ind2=" ">
    <subfield code="a">105 B7</subfield>
  </datafield>
  <datafield tag="942" ind1=" " ind2=" ">
    <subfield code="c">BK</subfield>
  </datafield>
  <datafield tag="952" ind1=" " ind2=" ">
    <subfield code="0">0</subfield>
    <subfield code="1">0</subfield>
    <subfield code="4">1</subfield>
    <subfield code="7">0</subfield>
    <subfield code="8">OBC</subfield>
    <subfield code="a">MAIN</subfield>
    <subfield code="b">MAIN</subfield>
    <subfield code="c">REF</subfield>
    <subfield code="d">2024-10-02</subfield>
    <subfield code="l">0</subfield>
    <subfield code="o">105 B7</subfield>
    <subfield code="p">OJP2911-2</subfield>
    <subfield code="r">2024-10-08</subfield>
    <subfield code="w">2024-10-08</subfield>
    <subfield code="y">BK</subfield>
  </datafield>
  <datafield tag="999" ind1=" " ind2=" ">
    <subfield code="c">218349</subfield>
    <subfield code="d">218349</subfield>
  </datafield>
</record>
